<?xml version="1.0" encoding="UTF-8"?>
<collection xmlns:xsi="http://www.w3.org/2001/XMLSchema-instance" xsi:schemaLocation="http://www.loc.gov/MARC21/slim http://www.loc.gov/standards/marcxml/schema/MARC21slim.xsd" xmlns="http://www.loc.gov/MARC21/slim">
 <record>
  <leader>00000cam a22000004i 4500</leader>
  <controlfield tag="001">UP-8027390931312542544</controlfield>
  <controlfield tag="003">Buklod</controlfield>
  <controlfield tag="005">20210322164502.0</controlfield>
  <controlfield tag="006">o--- |     ||   ||</controlfield>
  <controlfield tag="007">ta</controlfield>
  <controlfield tag="008">180629s2019    enkm    rb   a001 0|eng d</controlfield>
  <datafield tag="020" ind1=" " ind2=" ">
   <subfield code="a">9780745671024</subfield>
  </datafield>
  <datafield tag="035" ind1=" " ind2=" ">
   <subfield code="a">(iLib)UPCEB-00012051349</subfield>
  </datafield>
  <datafield tag="040" ind1=" " ind2=" ">
   <subfield code="a">DLC</subfield>
   <subfield code="b">eng</subfield>
   <subfield code="e">rda</subfield>
   <subfield code="c">DLC</subfield>
   <subfield code="d">OCLCO</subfield>
   <subfield code="d">OCLCF</subfield>
   <subfield code="d">BDX</subfield>
   <subfield code="d">YDX</subfield>
   <subfield code="d">OCLCQ</subfield>
   <subfield code="d">UKMGB</subfield>
   <subfield code="d">CHVBK</subfield>
   <subfield code="d">OCLCO</subfield>
   <subfield code="d">YDX</subfield>
   <subfield code="d">HRM</subfield>
   <subfield code="d">OCLCO</subfield>
   <subfield code="d">OCLCA</subfield>
   <subfield code="d">AZZPT</subfield>
   <subfield code="d">WMC</subfield>
  </datafield>
  <datafield tag="041" ind1=" " ind2=" ">
   <subfield code="a">eng</subfield>
  </datafield>
  <datafield tag="042" ind1=" " ind2=" ">
   <subfield code="a">pcc</subfield>
  </datafield>
  <datafield tag="050" ind1="0" ind2="0">
   <subfield code="a">HV 553</subfield>
   <subfield code="b">T54 2019</subfield>
  </datafield>
  <datafield tag="090" ind1=" " ind2=" ">
   <subfield code="a">HV 553</subfield>
   <subfield code="b">T54 2019</subfield>
  </datafield>
  <datafield tag="100" ind1="1" ind2=" ">
   <subfield code="a">Tierney, Kathleen J.</subfield>
   <subfield code="e">author.</subfield>
  </datafield>
  <datafield tag="245" ind1="1" ind2="0">
   <subfield code="a">Disasters</subfield>
   <subfield code="b">a sociological approach</subfield>
   <subfield code="c">Kathleen Tierney.</subfield>
  </datafield>
  <datafield tag="264" ind1=" " ind2="1">
   <subfield code="a">Cambridge, UK</subfield>
   <subfield code="a">Medford, MA</subfield>
   <subfield code="b">Polity Press</subfield>
   <subfield code="c">c2019</subfield>
  </datafield>
  <datafield tag="300" ind1=" " ind2=" ">
   <subfield code="a">xiv, 311 pages</subfield>
   <subfield code="b">illustrations</subfield>
   <subfield code="c">26 cm.</subfield>
  </datafield>
  <datafield tag="500" ind1=" " ind2=" ">
   <subfield code="a">Prof. Kim Bondoc (Recommending faculty) - Bookfair 2019</subfield>
  </datafield>
  <datafield tag="504" ind1=" " ind2=" ">
   <subfield code="a">Includes bibliographical references and index.</subfield>
  </datafield>
  <datafield tag="505" ind1="0" ind2=" ">
   <subfield code="a">Acknowledgments -- The social significance of disasters -- Disaster research in historical context : early insights and recent trends -- Sociological research on disasters : key contributions from other disciplines -- Theoretical approaches and perspectives in the study of hazards and disasters -- Confronting disaster research challenges -- Disaster vulnerability -- Disaster resilience : concepts, measures, and critiques -- What the future holds : greater risks and impacts or greater coping capacity? -- Notes -- References -- Index.</subfield>
  </datafield>
  <datafield tag="520" ind1=" " ind2=" ">
   <subfield code="a">&quot;Disasters kill, maim, and generate increasingly large economic losses. But they do not wreak their damage equally across populations, and every disaster has social dimensions at its very core. This important book sheds light on the social conditions and on the global, national, and local processes that produce disasters. Topics covered include the social roots of disaster vulnerability, exposure to natural hazards such as hurricanes and tsunamis as a form of environmental injustice, and emerging threats. Written by a leading expert in the field, this book provides the necessary frameworks for understanding hazards and disasters, exploring the contributions of very different social science fields to disaster research and showing how these ideas have evolved over time. Bringing the social aspects of recent devastating disasters to the forefront, Tierney discusses the challenges of conducting research in the aftermath of disasters and critiques the concept of disaster resilience, which has come to be seen as a key to disaster risk reduction. Peppered with case studies, research examples, and insights from very different disciplines, this rich introduction is an invaluable resource to students and scholars interested in the social nature of disasters and their relation to broader social forces&quot;--Amazon.com.</subfield>
  </datafield>
  <datafield tag="650" ind1=" " ind2="0">
   <subfield code="a">Disasters</subfield>
   <subfield code="x">Social aspects.</subfield>
  </datafield>
  <datafield tag="650" ind1=" " ind2="0">
   <subfield code="a">Disasters</subfield>
   <subfield code="x">Research.</subfield>
  </datafield>
  <datafield tag="776" ind1="0" ind2="8">
   <subfield code="i">Online version</subfield>
   <subfield code="a">Tierney, Kathleen J.</subfield>
   <subfield code="t">Disasters.</subfield>
   <subfield code="d">Medford, MA : Polity Press, [2018]</subfield>
   <subfield code="z">9781509535699</subfield>
   <subfield code="w">(DLC)  2018031922.</subfield>
  </datafield>
  <datafield tag="905" ind1=" " ind2=" ">
   <subfield code="a">FO</subfield>
  </datafield>
  <datafield tag="852" ind1="0" ind2=" ">
   <subfield code="a">UPCEB</subfield>
   <subfield code="b">CEBU-LAHUG</subfield>
   <subfield code="h">HV 553 T54 2019</subfield>
  </datafield>
  <datafield tag="942" ind1=" " ind2=" ">
   <subfield code="a">Book</subfield>
  </datafield>
 </record>
</collection>
